Airlines that have the A350 on order - Statistics

General Stats
  • This quiz has been taken 72 times
  • The average score is 16 of 37
Answer Stats
Amount Airline % Correct
58 on order Air France
89%
61 on order Emirates
89%
39 on order Lufthansa
80%
27 on order Japan Airlines
75%
44 on order Air India
73%
18 on order Qatar Airways
73%
24 on order Qantas
70%
28 on order Delta Air Lines
68%
3 on order Iberia
66%
45 on order United Airlines
66%
22 on order Etihad Airways
61%
7 on order Singapore Airlines
61%
12 on order Ethiopian Airlines
52%
31 on order Korean Air
50%
15 on order Aeroflot
48%
1 on order Finnair
48%
84 on order Turkish Airlines
48%
24 on order EVA Air
43%
9 on order Philippine Airlines
43%
6 on order Cathay Pacific
41%
10 on order Egyptair
41%
15 on order Asiana Airlines
34%
2 on order Scandinavian Airlines
34%
19 on order Starlux Airlines
34%
60 on order IndiGo
30%
3 on order Air Mauritius
23%
2 on order Kuwait Airways
20%
4 on order Sichuan Airlines
16%
2 on order Aircalin
14%
4 on order SriLankan Airlines
14%
6 on order Libyan Airlines
11%
10 on order Afriqiyah Airways
9%
8 on order CMA CGM Air Cargo
7%
4 on order Martinair
7%
10 on order Yemenia
7%
7 on order Air Lease Corporation
5%
2 on order Silk Way West Airlines
5%
No matching quizzes found
Score Distribution
Percent of People with Each Score
Percentile by Number Answered
Your Score History
You have not taken this quiz